Author Anagrams Quiz Stats

 Plays Quiz Updated Feb 25, 2020

Support Sporcle.
Go Orange.
Score 0/40 Timer 07:00
0 Plays Today
% Correct
Dickens
85.7%
crêpe
78.6%
Austen
78.3%
Verne
77.6%
steak
76.6%
Salinger
72.5%
nerve
70.4%
Keats
69.7%
Capote
62.1%
virgin
59.5%
arrest
59.5%
singles
57.7%
Conrad
56.1%
Wilde
55.4%
snicked
47.3%
wield
46.5%
inset
44%
realigns
42%
Irving
42%
Stein
39.9%
% Correct
toe cap
36.5%
Proust
31.9%
sprout
30.7%
Lionel
30.1%
Sartre
29.5%
unseat
27.7%
candor
27.2%
O'Neill
25.9%
Lessing
20%
Mailer
19.5%
unraked
19.2%
Kundera
18.9%
unread
18.1%
Perec
17.2%
Pushkin
15.4%
Vidal
14.8%
punkish
11.9%
valid
10.7%
Neruda
8.2%
Elmira
5.4%

You're not logged in!

Compare scores with friends on all Sporcle quizzes.
OR
Log In

From the Vault

Alkanes

by CharlesM

Who knew Carbon and Hydrogen could be so exciting?
Remove Ads.
Support Sporcle.
Get the best of Sporcle when you Go Orange. This ad-free experience offers more features, more stats, and more fun while also helping to support Sporcle. Thank you for becoming a member.

Show Comments

Extras

Top Quizzes Today


Score Distribution

Your Account Isn't Verified!

In order to create a playlist on Sporcle, you need to verify the email address you used during registration. Go to your Sporcle Settings to finish the process.

Report this User

Report this user for behavior that violates our Community Guidelines.

Details: